[Event "Ramsgate Open"]
[Site "Ramsgate"]
[Date "1981.??.??"]
[Round "?"]
[White "Nunn, John D M"]
[Black "Manouck, Thierry"]
[Result "1-0"]
[WhiteElo "2575"]
[BlackElo "2395"]
[PlyCount "113"]
[EventDate "1981.??.??"]
[Source "www.chesslib.no"]
[SourceDate "2004.05.04"]

1. e4 e5 2. Bc4 d6 3. Ne2 Nf6 4. Nbc3 Be6 5. Bb3 Bxb3 6. axb3 d5 7. exd5 Nxd5 8. d4 Nxc3 9. bxc3 Bd6 10. O-O O-O 11. Ng3 Nc6 12. Nf5 Qf6 13. Nxd6 cxd6 14. d5 Ne7 15. Ra4 Qf5 16. Ba3 Qd7 17. f4 exf4 18. Raxf4 Ng6 19. Rf5 f6 20. c4 b6 21. h3 Rfe8 22. Qg4 Rad8 23. Bb2 Re7 24. h4 Ne5 25. Qg3 Kh8 26. h5 h6 27. Qh4 Kh7 28. Bc1 Rde8 29. Qg3 Kh8 30. Bb2 a6 31. Bd4 b5 32. c5 dxc5 33. Bxc5 Rf7 34. d6 Nc6 35. Rd5 Re6 36. c4 bxc4 37. bxc4 Rf8 38. Rb1 Rfe8 39. Bf2 Re5 40. Qf3 Rxd5 41. Qxd5 Re5 42. Qd1 Re8 43. c5 Rb8 44. Rxb8+ Nxb8 45. Qb3 Qb5 46. Qxb5 axb5 47. d7 Nc6 48. Be1 Kg8 49. Ba5 Kf7 50. d8=Q Nxd8 51. Bxd8 b4 52. Ba5 b3 53. Bc3 Ke6 54. Bb2 Kd5 55. Ba3 b2 56. Bxb2 Kxc5 57. Ba3+ 1-0

[Event "JUG Team Ch"]
[Site "Zlatibor"]
[Date "1989.??.??"]
[Round "?"]
[White "Strikovic, Aleksa"]
[Black "Ilincic, Zlatko"]
[Result "1/2-1/2"]
[WhiteElo "2470"]
[BlackElo "2485"]
[PlyCount "65"]
[EventDate "1989.??.??"]
[Source "www.chesslib.no"]
[SourceDate "2004.05.04"]

1. e4 e5 2. Bc4 Nc6 3. d3 Nf6 4. f4 exf4 5. Nc3 Bb4 6. Nf3 d5 7. exd5 Nxd5 8. O-O Nxc3 9. Qe1+ Qe7 10. bxc3 Bd6 11. Qxe7+ Kxe7 12. Ng5 Ne5 13. Re1 Kf6 14. Ne4+ Kf5 15. Nxd6+ cxd6 16. Bd5 g5 17. d4 Nc6 18. Bxf7 Kf6 19. Bd5 Ne7 20. Bf3 Rb8 21. Ba3 Rd8 22. Re2 b6 23. Rae1 Nf5 24. g3 fxg3 25. hxg3 Nxg3 26. Re7 h5 27. Rxa7 Be6 28. d5 Bf5 29. Ree7 Ra8 30. Rxa8 Rxa8 31. Bxd6 Rxa2 32. Rb7 Ne4 33. Be7+ 1/2-1/2

[Event "Moscow op2"]
[Site "Moscow"]
[Date "1995.??.??"]
[Round "3"]
[White "Vlassov, Nikolai"]
[Black "Vorotnikov, Vladislav V"]
[Result "0-1"]
[WhiteElo "2445"]
[BlackElo "2505"]
[PlyCount "99"]
[EventDate "1995.11.??"]
[Source "ChessBase"]

1. e4 e5 2. Bc4 d6 3. f4 exf4 4. d4 Nf6 5. Nc3 Nxe4 6. Qe2 f5 7. Bxf4 Nd7 8. Nf3 Ndf6 9. Ng5 Qe7 10. Ngxe4 Nxe4 11. Nd5 Qd8 12. O-O-O c6 13. Nc3 Be7 14. Nxe4 fxe4 15. d5 O-O 16. Rhf1 b5 17. Bb3 c5 18. Qxb5 Bg4 19. Rde1 Bf3 20. gxf3 Rxf4 21. fxe4 Rxf1 22. Qxf1 Bf6 23. c3 Be5 24. Qf5 g6 25. Qg4 Qf6 26. Qe6+ Kg7 27. Qxf6+ Kxf6 28. Rf1+ Kg5 29. h4+ Kxh4 30. Rh1+ Kg3 31. Rxh7 g5 32. Ba4 g4 33. b4 cxb4 34. cxb4 Kf2 35. Kd2 Rf8 36. Bd7 g3 37. Bh3 a6 38. a4 Rb8 39. Rf7+ Kg1 40. b5 axb5 41. axb5 Rxb5 42. Rf5 Rb8 43. Ke3 Rh8 44. Bf1 Rh6 45. Be2 g2 46. Bf3 Rh3 47. Ke2 Rxf3 48. Kxf3 Kh1 49. Rh5+ Bh2 50. e5 0-1

[Event "Guillermo Garcia Premier I"]
[Site "Santa Clara"]
[Date "2000.05.28"]
[Round "4"]
[White "Perez, Luis Manuel"]
[Black "De la Paz, Frank"]
[Result "0-1"]
[WhiteElo "2459"]
[BlackElo "2462"]
[PlyCount "66"]
[EventDate "2000.05.24"]
[Source "ChessBase"]
[SourceDate "2000.10.18"]

1. e4 e5 2. Bc4 Nc6 3. d3 Bc5 4. Nc3 d6 5. f4 Bxg1 6. Rxg1 Qh4+ 7. Kf1 Nf6 8. f5 Nd4 9. h3 Nh5 10. Be3 Ng3+ 11. Ke1 Nxe4+ 12. g3 Nxc3 13. bxc3 Qe7 14. g4 Bd7 15. Kd2 Nc6 16. Qf3 e4 17. dxe4 Ne5 18. Qe2 Nxc4+ 19. Qxc4 O-O-O 20. Qd4 c5 21. Qxg7 Qxe4 22. Qxf7 Rhe8 23. Rge1 Ba4 24. Rac1 Rd7 25. Qf6 Qd5+ 26. Bd4 Qg2+ 27. Kd3 Rxe1 28. Rxe1 Bxc2+ 29. Ke3 cxd4+ 30. cxd4 Qe4+ 31. Kf2 Qf4+ 32. Ke2 Be4 33. Kd1 Qf3+ 0-1

[Event "RUS-ch sf"]
[Site "?"]
[Date "2003.??.??"]
[Round "1"]
[White "Skurikhin Dmitrij"]
[Black "Lunev Andrey"]
[Result "0-1"]
[WhiteElo "2399"]
[BlackElo "2519"]
[PlyCount "98"]
[EventDate "2003.??.??"]
[Source "www.chesslib.no"]
[SourceDate "2004.05.04"]

1. e4 e5 2. Bc4 Nc6 3. Qh5 Qf6 4. d3 g6 5. Qd1 Na5 6. Nd2 Bc5 7. Ngf3 d6 8. h3 Nxc4 9. Nxc4 b5 10. Bg5 Qe6 11. Ncd2 h6 12. Bh4 Nf6 13. Nb3 Bb6 14. O-O g5 15. Bg3 g4 16. hxg4 Qxg4 17. Kh1 Nh5 18. Bh2 Nf4 19. Bxf4 Qxf4 20. a4 bxa4 21. Nbd2 Rg8 22. Qe1 Bd7 23. Nh2 Ke7 24. Ndf3 Rg7 25. Qe2 Rag8 26. g3 Qf6 27. c3 Bh3 28. Rg1 h5 29. Rxa4 h4 30. g4 Qf4 31. Nxh4 Rh7 32. Qf3 Rxh4 33. Qxf4 exf4 34. f3 Bxg1 35. Kxg1 Rb8 36. b4 Rb7 37. Ra5 c5 38. b5 a6 39. Rxa6 Rxb5 40. Ra1 Rb2 41. d4 Rg2+ 42. Kh1 Rc2 43. Kg1 Rxc3 44. dxc5 dxc5 45. Ra7+ Ke6 46. Ra6+ Ke5 47. Ra1 Rc2 48. Rd1 c4 49. Rb1 c3 0-1

[Event "FRA-chT9697 final"]
[Site "Clichy"]
[Date "1997.05.01"]
[Round "8"]
[White "Beikert, Guenther"]
[Black "Miralles, Gilles"]
[Result "1/2-1/2"]
[WhiteElo "2435"]
[BlackElo "2480"]
[PlyCount "86"]
[EventDate "1997.??.??"]
[Source "www.chesslib.no"]
[SourceDate "2004.05.04"]

1. e4 e5 2. Bc4 Nc6 3. Nc3 d6 4. Nf3 g6 5. d3 h6 6. d4 Bg4 7. h3 exd4 8. hxg4 dxc3 9. bxc3 Qe7 10. O-O Bg7 11. Rb1 Kf8 12. Rxb7 Na5 13. Rb4 Bxc3 14. Ra4 Qe8 15. Bb3 Nxb3 16. cxb3 Bf6 17. Qc2 Qb8 18. Rd1 g5 19. e5 dxe5 20. Bb2 Qe8 21. Qxc7 Rc8 22. Qd6+ Kg7 23. Bxe5 Rc6 24. Qd7 Qxd7 25. Rxd7 Rc1+ 26. Kh2 h5 27. gxh5 Rxh5+ 28. Kg3 Nh6 29. Bxf6+ Kxf6 30. Ra6+ Kg7 31. Ra5 Rc3 32. Rdd5 f6 33. Rac5 f5 34. Rxf5 Nxf5+ 35. Rxf5 Kg6 36. Kg4 Rh7 37. Ne5+ Kg7 38. Rxg5+ Kf8 39. Rf5+ Ke8 40. Nf3 Rhc7 41. Re5+ Re7 42. Ra5 Rc2 43. Kg3 Ree2 1/2-1/2

[Event "First Saturday 2007 febbraio GM"]
[Site "Budapest UNG"]
[Date "2007.02.09"]
[Round "6"]
[White "Pilgaard, Kim"]
[Black "Ilincic, Zlatko"]
[Result "1-0"]
[WhiteElo "2412"]
[BlackElo "2486"]
[PlyCount "53"]
[EventDate "2007.02.04"]
[Source "www.chesslib.no"]
[SourceDate "2004.05.04"]

1. e4 e5 2. Bc4 d6 3. Nf3 Be6 4. Bxe6 fxe6 5. O-O Nc6 6. c3 Qd7 7. d4 exd4 8. cxd4 e5 9. Nc3 Nf6 10. Be3 Be7 11. Qb3 exd4 12. Nxd4 Nxd4 13. Bxd4 c5 14. e5 dxe5 15. Bxe5 Qc6 16. Qc4 a6 17. Bxf6 Bxf6 18. Rfe1+ Kf8 19. Re6 b5 20. Qg4 Qb7 21. Rae1 Bd4 22. Ne4 Qf7 23. Nd6 Qxf2+ 24. Kh1 g6 25. Re7 Qf6 26. Qd7 Kg8 27. Re8+ 1-0

[Event "ESP-chA 68th"]
[Site "Burgos"]
[Date "2003.10.25"]
[Round "2"]
[White "Fernandez Garcia, Jose Luis"]
[Black "Candela Perez, Jose"]
[Result "1-0"]
[WhiteElo "2475"]
[BlackElo "2410"]
[PlyCount "191"]
[EventDate "2003.10.24"]
[Source "ChessBase"]
[SourceDate "2003.11.24"]

1. e4 e5 2. Bc4 Nc6 3. Nc3 g6 4. h4 h5 5. d3 Na5 6. Bg5 f6 7. Be3 Nh6 8. f3 d6 9. Nge2 Bg7 10. a3 Nxc4 11. dxc4 Be6 12. Qd3 Nf7 13. O-O-O c6 14. Kb1 Qa5 15. Nc1 Qa6 16. c5 Qxd3 17. Nxd3 d5 18. exd5 cxd5 19. Nb5 Kd7 20. Nb4 d4 21. Bxd4 exd4 22. Nxd4 Bh6 23. Rhe1 Ne5 24. f4 a5 25. Nxe6+ Kxe6 26. Nd3 Bxf4 27. Nxf4+ Kf5 28. Nd3 Rad8 29. Rf1+ Ke6 30. Rde1 Rd4 31. g3 Rhd8 32. Re3 Re8 33. Rf4 Rd5 34. Ra4 Kf5 35. Rf4+ Ke6 36. Ra4 Kf5 37. Rxa5 Rc8 38. Ra4 g5 39. Nxe5 fxe5 40. Rf3+ Kg6 41. Rb4 Rdxc5 42. Rxb7 gxh4 43. gxh4 Rxc2 44. Rbf7 Rc1+ 45. Ka2 R8c6 46. R7f5 R1c4 47. Rg5+ Kh6 48. Rxe5 Rxh4 49. b4 Rg4 50. b5 Rd6 51. Kb3 Rd1 52. Rc3 h4 53. Re6+ Kg5 54. Rc5+ Kf4 55. Rc4+ Kf5 56. Rf6+ Kxf6 57. Rxg4 h3 58. Rh4 Rd3+ 59. Kb4 Kg5 60. Rh8 Rd4+ 61. Kc5 Rh4 62. Rg8+ Kf5 63. Rg1 Ra4 64. Ra1 Ke6 65. Kc6 Rc4+ 66. Kb6 Ra4 67. Kc6 Rc4+ 68. Kb7 Ra4 69. Ra2 Kd7 70. b6 Kd8 71. Rd2+ Ke7 72. Rd3 Rh4 73. Rd1 Ra4 74. Ra1 Kd7 75. Ra2 Kd6 76. Rd2+ Ke7 77. Rc2 Kd7 78. Rd2+ Ke7 79. Rd3 Rh4 80. Rd1 Ra4 81. Ra1 Kd7 82. Ra2 Kd6 83. Kb8 Kd7 84. b7 Kd8 85. Rd2+ Ke7 86. Rd3 Rh4 87. Kc7 h2 88. Rd1 h1=Q 89. Rxh1 Rxh1 90. b8=Q Rc1+ 91. Kb7 Rb1+ 92. Kc8 Rxb8+ 93. Kxb8 Kd7 94. Kb7 Kd6 95. a4 Kc5 96. a5 1-0

[Event "BIH-chT"]
[Site "Neum"]
[Date "2002.06.02"]
[Round "1.3"]
[White "Loncar, Robert"]
[Black "Runic, Zoran"]
[Result "0-1"]
[WhiteElo "2436"]
[BlackElo "2447"]
[PlyCount "104"]
[EventDate "2002.06.02"]
[Source "ChessBase"]
[SourceDate "2002.09.20"]

1. e4 e5 2. Bc4 d6 3. c3 Nf6 4. d3 Be7 5. Nf3 O-O 6. O-O c6 7. Bb3 Nbd7 8. Re1 Ne8 9. d4 Nc7 10. Be3 exd4 11. cxd4 d5 12. Nc3 dxe4 13. Nxe4 Nf6 14. Ng3 Be6 15. Bxe6 Nxe6 16. Qb3 Qc7 17. Nf5 Nd5 18. Bd2 Rfe8 19. Re4 Bf8 20. Rae1 Nf6 21. R4e2 Rad8 22. Bc3 g6 23. Ng3 Rd5 24. Re5 Red8 25. Rxd5 Nxd5 26. Ne4 Be7 27. g3 Qb6 28. Qc2 Ndc7 29. Qc1 Qb5 30. Nc5 b6 31. Nxe6 Nxe6 32. Re5 Qd3 33. Kg2 Bf6 34. Re3 Qc4 35. d5 cxd5 36. Re1 d4 37. Bd2 Qxa2 38. Kg1 Qd5 39. Nh4 d3 40. Ng2 Nd4 41. Nf4 Nf3+ 42. Kh1 Qb7 43. Ng2 Nxe1 44. Qxe1 Qe7 45. Qc1 Qe2 46. Nf4 Qf3+ 47. Kg1 Bd4 48. Qe1 g5 49. Nh3 h6 50. Qe7 Bf6 51. Qxa7 Qd1+ 52. Kg2 Qxd2 0-1

[Event "Open"]
[Site "Balaguer"]
[Date "2003.07.20"]
[Round "6"]
[White "Westerinen, Heikki"]
[Black "Rizouk, Aimen"]
[Result "1/2-1/2"]
[WhiteElo "2351"]
[BlackElo "2501"]
[PlyCount "110"]
[EventDate "2003.07.14"]
[Source "Roberto Alvarez"]
[SourceDate "2003.08.25"]

1. e4 e5 2. Bc4 Nc6 3. d3 Nf6 4. a3 d5 5. exd5 Nxd5 6. h3 Nb6 7. Ba2 Qf6 8. Nf3 h6 9. Nc3 Bf5 10. Qe2 O-O-O 11. Ne4 Qe7 12. Be3 Nd5 13. Bd2 Bh7 14. O-O-O f5 15. Nc3 Nf6 16. Be3 g5 17. Rhe1 Bg7 18. Qf1 Qd7 19. Bc5 Bg8 20. Bxg8 Nxg8 21. Kb1 Nge7 22. g4 Nd5 23. Na2 fxg4 24. hxg4 Qxg4 25. Qh1 Kb8 26. Re4 Qf5 27. Nd2 Bf8 28. Be3 Bg7 29. Nb3 Bf8 30. Rc4 Nxe3 31. fxe3 Qe6 32. Nc3 Be7 33. Ne4 Qd5 34. Rf1 Rdf8 35. Rxf8+ Bxf8 36. Qh5 Be7 37. Nbc5 Bxc5 38. Nxc5 Qd6 39. Qg4 Rd8 40. Ne6 Re8 41. Nc5 Rd8 42. Ne6 Rg8 43. Nc5 Ka8 44. b4 Rf8 45. Qe4 Nd8 46. Qh7 c6 47. Ne4 Qe6 48. Nc5 Qc8 49. Qxh6 Nf7 50. Qg6 Kb8 51. Qg7 Ka8 52. Ne6 Re8 53. Nxg5 Nd6 54. Rc5 Nf5 55. Qf6 Nxe3 1/2-1/2

[Event "Paris Plage op 12th"]
[Site "Le Touquet"]
[Date "1997.10.26"]
[Round "?"]
[White "Bauer, Christian"]
[Black "Gervasio, Ricardo"]
[Result "1-0"]
[WhiteElo "2525"]
[BlackElo "2325"]
[PlyCount "93"]
[EventDate "1997.10.26"]
[Source "www.chesslib.no"]
[SourceDate "2004.05.04"]

1. e4 e5 2. Bc4 Qe7 3. Nc3 c6 4. d3 g6 5. Nf3 Bg7 6. O-O Nf6 7. Re1 O-O 8. h3 d6 9. Bg5 h6 10. Be3 Nbd7 11. a4 Nc5 12. Qd2 Kh7 13. a5 Ne6 14. d4 Nh5 15. Rad1 Rd8 16. Bf1 Qf6 17. Kh1 Bd7 18. d5 Nef4 19. Ng1 Bf8 20. g3 g5 21. Kh2 Be7 22. a6 bxa6 23. Ra1 cxd5 24. exd5 Ng6 25. Qd1 Nhf4 26. Rxa6 Qg7 27. Rxa7 Rxa7 28. Bxa7 f5 29. b4 Bf6 30. Be3 e4 31. Nb5 Be5 32. Nc7 Bc8 33. Nb5 Bd7 34. Nd4 Be8 35. Nc6 Bxc6 36. dxc6 Ne6 37. Bb6 Ne7 38. b5 d5 39. c4 Nd4 40. Bc5 f4 41. g4 f3+ 42. Kh1 Qf6 43. Bxd4 Bxd4 44. cxd5 Bxf2 45. Rxe4 Bb6 46. Re6 Qc3 47. Rxe7+ 1-0

[Event "RUS-Cup3"]
[Site "Omsk"]
[Date "1996.??.??"]
[Round "1"]
[White "Chigvintsev, Andrei"]
[Black "Varavin, Viktor"]
[Result "0-1"]
[WhiteElo "2325"]
[BlackElo "2520"]
[PlyCount "68"]
[EventDate "1996.12.13"]
[Source "ChessBase"]
[SourceDate "1997.04.10"]

1. e4 e5 2. Bc4 d6 3. d3 Nc6 4. c3 g6 5. Nf3 h6 6. Be3 Bg7 7. a4 Nf6 8. Qb3 Qe7 9. a5 a6 10. h3 O-O 11. g4 Nd7 12. g5 Nc5 13. Qd1 h5 14. b4 Ne6 15. Nh4 Nf4 16. Bxf4 exf4 17. Nxg6 Qxg5 18. Nxf8 Ne5 19. Kd2 Qg2 20. Kc2 Nxc4 21. dxc4 Qxe4+ 22. Kb3 Kxf8 23. Re1 Qf5 24. Qf3 Be6 25. Qxb7 Re8 26. Rc1 c5 27. Na3 d5 28. Qxa6 cxb4 29. Kxb4 dxc4 30. Nb5 Kg8 31. Rg1 Qc2 32. Rab1 Kh8 33. Nd4 Rb8+ 34. Kc5 Bf8+ 0-1

[Event "Berlin Open"]
[Site "Berlin West"]
[Date "1988.??.??"]
[Round "2"]
[White "Ostojic, Predrag"]
[Black "Hector, Jonny"]
[Result "1-0"]
[WhiteElo "2395"]
[BlackElo "2435"]
[PlyCount "133"]
[EventDate "1988.08.??"]
[Source "www.chesslib.no"]
[SourceDate "2004.05.04"]

1. e4 e5 2. Bc4 Qf6 3. Nc3 c6 4. d3 Bb4 5. Qf3 Ne7 6. Bd2 d6 7. Nge2 Be6 8. Qg3 d5 9. Bb3 Nd7 10. O-O h5 11. h4 d4 12. Bg5 Qg6 13. Nd1 Bxb3 14. axb3 f6 15. Bc1 Qg4 16. f3 Qe6 17. Nf2 a6 18. c3 Bd6 19. b4 O-O-O 20. Bd2 Rhg8 21. Qh3 Qxh3 22. Nxh3 c5 23. bxc5 Nxc5 24. Nc1 Nc6 25. c4 Ne6 26. f4 exf4 27. Nxf4 Bxf4 28. Bxf4 g5 29. Bg3 gxh4 30. Bxh4 Rg4 31. g3 Rdg8 32. Kh2 R4g6 33. Kh1 Ne5 34. Ra5 Ng5 35. Kg2 Ng4 36. Rh1 Ne3+ 37. Kf2 f5 38. exf5 Rf8 39. Ne2 Nxf5 40. Nf4 Rgg8 41. Bxg5 Rxg5 42. Rxh5 Rxh5 43. Nxh5 Ne3+ 44. Nf4 Re8 45. b4 Ng4+ 46. Kg2 Re1 47. b5 axb5 48. Rxb5 Ne3+ 49. Kf3 Nf1 50. Kf2 Rc1 51. Rc5+ Kb8 52. Rd5 Nd2 53. Rxd4 Rc2 54. Rd8+ Kc7 55. Ne6+ Kb6 56. Rd6+ Ka5 57. Rd5+ Ka6 58. Nd4 Ra2 59. Ne2 Nb1 60. Ke3 Nd2 61. g4 Nf1+ 62. Kf2 Nh2 63. g5 Ng4+ 64. Kf3 Nh2+ 65. Ke3 Ng4+ 66. Kf4 Nf2 67. Kf3 1-0

[Event "Capablanca mem Premier II 36th"]
[Site "Havana"]
[Date "2001.05.07"]
[Round "3"]
[White "Perez, Luis Manuel"]
[Black "Wohl, Aleksandar H"]
[Result "1/2-1/2"]
[WhiteElo "2386"]
[BlackElo "2418"]
[PlyCount "49"]
[EventDate "2001.05.05"]
[Source "ChessBase"]
[SourceDate "2001.07.03"]

1. e4 e5 2. Bc4 Nc6 3. Nc3 d6 4. d3 Nf6 5. f4 Be7 6. Nf3 O-O 7. f5 Nd4 8. Be3 Nxf5 9. exf5 d5 10. Bb3 d4 11. Bd2 dxc3 12. Bxc3 e4 13. dxe4 Qxd1+ 14. Rxd1 Nxe4 15. g4 Nxc3 16. bxc3 a5 17. a4 Ra6 18. O-O Rc6 19. Rfe1 Bf6 20. Ne5 Rxc3 21. Rd3 Rxd3 22. cxd3 g6 23. fxg6 hxg6 24. Nxg6 Rd8 25. Ne7+ 1/2-1/2

[Event "Open"]
[Site "Bucharest op"]
[Date "1995.??.??"]
[Round "?"]
[White "Moldovan, Daniel"]
[Black "Negulescu, Adrian"]
[Result "1/2-1/2"]
[WhiteElo "2420"]
[BlackElo "2380"]
[PlyCount "22"]
[EventDate "1995.??.??"]
[Source "www.chesslib.no"]
[SourceDate "2004.05.04"]

1. e4 e5 2. Bc4 Nc6 3. Nc3 d6 4. d3 Na5 5. Nge2 Nxc4 6. dxc4 Be6 7. Qd3 Nf6 8. O-O Nd7 9. b3 g6 10. Be3 Bg7 11. Qd2 O-O 1/2-1/2

[Event "Aragon-chT"]
[Site "?"]
[Date "2003.??.??"]
[Round "4"]
[White "Glavina Rossi Pablo"]
[Black "Leskovar Mario"]
[Result "1-0"]
[WhiteElo "2427"]
[BlackElo "2363"]
[PlyCount "51"]
[EventDate "2003.??.??"]
[Source "www.chesslib.no"]
[SourceDate "2004.05.04"]

1. e4 e5 2. Bc4 d6 3. f4 Be6 4. Bxe6 fxe6 5. d4 exd4 6. Qxd4 Nc6 7. Qa4 Qd7 8. Nf3 Nf6 9. Nc3 d5 10. e5 Ng4 11. h3 Nh6 12. Be3 Bb4 13. Qb3 Nf5 14. Bf2 O-O 15. O-O-O Bxc3 16. Qxc3 b6 17. Rhe1 Na5 18. g4 Ne7 19. Bg3 c5 20. f5 exf5 21. e6 Qe8 22. Ne5 f4 23. Bh4 d4 24. Qf3 Nac6 25. Nd7 Ng6 26. Qxc6 1-0

[Event "BKL-Turnier"]
[Site "Leipzig GER"]
[Date "1982.??.??"]
[Round "2"]
[White "Tischbierek, Raj"]
[Black "Vorotnikov, Vladislav V"]
[Result "0-1"]
[WhiteElo "2355"]
[BlackElo "2435"]
[PlyCount "90"]
[EventDate "1982.01.11"]
[Source "www.chesslib.no"]
[SourceDate "2004.05.04"]

1. e4 e5 2. Bc4 d6 3. d3 Nc6 4. Nc3 g6 5. Nge2 Na5 6. O-O Bg7 7. a4 Nxc4 8. dxc4 Ne7 9. Be3 Be6 10. Nd5 c6 11. Nxe7 Qxe7 12. b3 O-O 13. Qd2 f5 14. f3 f4 15. Bf2 g5 16. Rfd1 Rfd8 17. Nc3 g4 18. Kh1 Qg5 19. Qe1 gxf3 20. gxf3 Bh3 21. Qg1 Qh5 22. Rd3 Kh8 23. Qd1 Rg8 24. Qe2 Bf6 25. Rg1 Rg6 26. Rdd1 Rh6 27. Be1 Bd8 28. c5 dxc5 29. Nb1 c4 30. a5 cxb3 31. cxb3 Be6 32. Rd3 Rg6 33. Rxg6 Qxg6 34. Bc3 Bc7 35. Qf2 Rg8 36. Na3 Qf7 37. Nc4 Bxc4 38. bxc4 Qxc4 39. Qd2 Qb5 40. Qb2 Qxb2 41. Bxb2 Rg7 42. Rb3 b5 43. Rc3 Rg6 44. Rd3 Kg8 45. a6 Rd6 0-1

[Event "Leipzig BKL"]
[Site "?"]
[Date "1982.??.??"]
[Round "8"]
[White "Casper Thomas"]
[Black "Vorotnikov Vladislav V"]
[Result "0-1"]
[WhiteElo "2350"]
[BlackElo "2435"]
[PlyCount "78"]
[EventDate "1982.??.??"]
[Source "www.chesslib.no"]
[SourceDate "2004.05.04"]

1. e4 e5 2. Bc4 d6 3. Nc3 Nc6 4. d3 Na5 5. Bb3 Nxb3 6. axb3 f5 7. d4 Nf6 8. Bg5 exd4 9. Qxd4 Be7 10. Nf3 fxe4 11. Nxe4 O-O 12. O-O Nxe4 13. Qxe4 Bxg5 14. Qd5+ Kh8 15. Nxg5 Qf6 16. c3 Qg6 17. f4 h6 18. Nf3 Bh3 19. Nd4 c5 20. f5 Qxg2+ 21. Qxg2 Bxg2 22. Kxg2 cxd4 23. cxd4 Rf7 24. Rf3 a6 25. Raf1 Re8 26. Kg3 Kg8 27. Rf4 d5 28. R1f3 Rf6 29. Kg4 Kf7 30. Rc3 Rc6 31. f6 g5 32. Rf5 Re4+ 33. Kf3 Rxd4 34. Ke3 Rb4 35. Rxd5 Rxc3+ 36. bxc3 Rxb3 37. Kd3 Rb6 38. h4 Kxf6 39. hxg5+ hxg5 0-1

[Event "Voskresensk2"]
[Site "Voskresensk"]
[Date "1993.??.??"]
[Round "?"]
[White "Fedorov, Alexei"]
[Black "Nadanian, Ashot"]
[Result "1-0"]
[WhiteElo "2490"]
[BlackElo "2285"]
[PlyCount "181"]
[EventDate "1993.??.??"]
[Source "ChessBase"]

1. e4 e5 2. Bc4 d6 3. d3 Nf6 4. Nc3 Be7 5. f4 exf4 6. Bxf4 c6 7. Bb3 O-O 8. Nf3 a5 9. O-O Be6 10. Qd2 b5 11. Bxe6 fxe6 12. e5 dxe5 13. Nxe5 Nh5 14. Be3 Qc7 15. Rxf8+ Bxf8 16. Nf3 Nd7 17. Re1 Re8 18. Ne4 Nhf6 19. Bf4 Qa7+ 20. Kh1 Nxe4 21. Rxe4 Nf6 22. Re2 a4 23. Qe1 Qd7 24. Ne5 Qd4 25. Bc1 Qd6 26. h3 Be7 27. b3 axb3 28. axb3 Bd8 29. Bb2 Bc7 30. Nf3 Nd7 31. Qh4 Re7 32. Qg4 c5 33. Qe4 Re8 34. Re1 Bb8 35. c4 bxc4 36. Qxc4 Qe7 37. Kg1 Ba7 38. Ra1 Bb6 39. Kh1 Qd6 40. Ra6 Rf8 41. Qg4 Qe7 42. Bc3 Rf5 43. Ra8+ Rf8 44. Qe4 Rxa8 45. Qxa8+ Qd8 46. Qc6 Nf8 47. Be5 Ba7 48. Bd6 Qb6 49. Ne5 Qxc6 50. Nxc6 Bb6 51. Ne7+ Kf7 52. Nc8 Bd8 53. Bxc5 Nd7 54. Nd6+ Kf6 55. Bd4+ e5 56. Ne4+ Ke6 57. Be3 Be7 58. Kg1 Nf6 59. Kf2 Nd5 60. Bd2 Kf5 61. Kf3 h6 62. Nc3 Nb4 63. g4+ Ke6 64. Ke4 Na6 65. Na4 Bf8 66. h4 g6 67. h5 gxh5 68. gxh5 Nb8 69. Nb6 Na6 70. Be3 Nb4 71. Bf2 Be7 72. Bg3 Na6 73. Na4 Bf6 74. Be1 Be7 75. Bd2 Bf8 76. Be3 Nc7 77. Bc5 Bg7 78. Ba3 Nb5 79. Bb4 Nd4 80. Nc5+ Kd6 81. Nb7+ Kc7 82. Na5 Kd7 83. Bc3 Ne2 84. Bxe5 Bxe5 85. Kxe5 Ng3 86. b4 Nxh5 87. b5 Ng3 88. b6 h5 89. b7 Kc7 90. d4 h4 91. d5 1-0

[Event "Muenster Open"]
[Site "Muenster GER"]
[Date "1991.??.??"]
[Round "2"]
[White "Schaefer, Markus"]
[Black "Meijers, Viesturs"]
[Result "0-1"]
[WhiteElo "2400"]
[BlackElo "2370"]
[PlyCount "82"]
[EventDate "1991.??.??"]
[Source "www.chesslib.no"]
[SourceDate "2004.05.04"]

1. e4 e5 2. Bc4 d6 3. Nf3 Bg4 4. h3 Bh5 5. d3 Nc6 6. Nbd2 Na5 7. Bb5+ c6 8. Ba4 b5 9. Bb3 Be7 10. Nf1 Bg6 11. Ng3 h5 12. h4 Qd7 13. Qe2 Nf6 14. Bg5 Ng4 15. Bxe7 Qxe7 16. Qd2 Nb7 17. O-O Nc5 18. Rfe1 O-O 19. d4 exd4 20. Qxd4 Rfe8 21. Rad1 Rad8 22. Ng5 Qf6 23. f3 Qxd4+ 24. Rxd4 Nf6 25. f4 d5 26. f5 Bh7 27. e5 Ng4 28. e6 fxe6 29. fxe6 Nf6 30. c3 Rd6 31. Bd1 Bg6 32. e7 Rd7 33. b4 Nb7 34. Re6 Rd6 35. Rxd6 Nxd6 36. a4 Rxe7 37. Nf1 a6 38. axb5 Nxb5 39. Rd2 Nxc3 40. Bf3 Nfe4 41. Bxe4 Nxe4 0-1

[Event "Albena"]
[Site "Albena"]
[Date "1986.??.??"]
[Round "?"]
[White "Messa, Roberto"]
[Black "Sygulski, Artur"]
[Result "0-1"]
[WhiteElo "2345"]
[BlackElo "2425"]
[PlyCount "60"]
[EventDate "1986.09.??"]
[Source "www.chesslib.no"]
[SourceDate "2004.05.04"]

1. e4 e5 2. Bc4 Nc6 3. c3 Nf6 4. Qe2 Na5 5. Bb5 a6 6. Ba4 b5 7. Bc2 Bb7 8. Nf3 d6 9. d4 Nc6 10. Nbd2 Be7 11. dxe5 dxe5 12. Nf1 Qd7 13. Ng3 g6 14. h3 h6 15. Be3 Rd8 16. O-O h5 17. Rae1 Kf8 18. Ng5 Nh7 19. f4 Nxg5 20. fxg5 Kg7 21. Bb3 Rdf8 22. Rd1 Qe8 23. Rd5 Bc8 24. a4 h4 25. Nf5+ gxf5 26. exf5 f6 27. axb5 axb5 28. gxf6+ Rxf6 29. Qg4+ Kf8 30. Rd8 Nxd8 0-1

[Event "BL2-Ost 0102"]
[Site "Germany"]
[Date "2002.03.17"]
[Round "7.4"]
[White "Heidrich, Manfred"]
[Black "Hirn, Oskar"]
[Result "1-0"]
[WhiteElo "2408"]
[BlackElo "2360"]
[PlyCount "109"]
[EventDate "2001.10.07"]
[Source "ChessBase"]
[SourceDate "2002.07.08"]

1. e4 e5 2. Bc4 d6 3. Nc3 Nf6 4. d3 Be6 5. Bb3 Bxb3 6. axb3 d5 7. exd5 Nxd5 8. Qe2 Nc6 9. Nf3 Bb4 10. Bd2 O-O 11. O-O Re8 12. Qe4 Bxc3 13. Bxc3 Nxc3 14. bxc3 Qd6 15. Rfe1 Qg6 16. b4 a6 17. Qxg6 hxg6 18. Nd2 f6 19. Nc4 Ne7 20. Ra5 Rad8 21. Ne3 Nf5 22. Nxf5 gxf5 23. Kf1 Kf7 24. f4 exf4 25. Rxf5 Rxe1+ 26. Kxe1 g5 27. h4 Kg6 28. Rc5 c6 29. Kf2 Rh8 30. hxg5 fxg5 31. c4 Rh1 32. b5 Rc1 33. bxc6 bxc6 34. Kf3 Rxc2 35. Rxc6+ Kf5 36. Rc5+ Kf6 37. Ra5 Rc3 38. Rxa6+ Ke7 39. Ke4 Rc2 40. g4 Re2+ 41. Kf5 f3 42. Ra1 f2 43. Rf1 Kd6 44. d4 Rc2 45. Kxg5 Rxc4 46. Rxf2 Rxd4 47. Re2 Ra4 48. Kh5 Ra8 49. g5 Rh8+ 50. Kg6 Rh1 51. Kg7 Rg1 52. g6 Rh1 53. Kg8 Rg1 54. g7 Rh1 55. Re4 1-0

[Event "NED Cup"]
[Site "Hengelo"]
[Date "2002.05.18"]
[Round "2"]
[White "Van de Oudeweetering, Arthur"]
[Black "Smeets, Jan"]
[Result "0-1"]
[WhiteElo "2410"]
[BlackElo "2354"]
[PlyCount "76"]
[EventDate "2002.05.18"]
[Source "ChessBase"]
[SourceDate "2002.07.08"]

1. e4 e5 2. Bc4 Nc6 3. d3 Bc5 4. Nc3 Na5 5. Qg4 Qf6 6. Qg3 c6 7. Bg5 Qd6 8. Nf3 Nxc4 9. dxc4 f6 10. Bd2 Qe7 11. O-O d6 12. Na4 Be6 13. Nxc5 dxc5 14. b3 Qf7 15. Be3 b6 16. a4 a5 17. Nh4 g5 18. Nf5 Qg6 19. Qg4 Kf8 20. Rfd1 Nh6 21. Qf3 Nf7 22. Nd6 Rd8 23. Nb7 Rxd1+ 24. Rxd1 Kg7 25. Nd6 h5 26. Nxf7 Kxf7 27. Rd6 Bg4 28. Qg3 Qxe4 29. h4 Ke7 30. Rd3 gxh4 31. Qxh4 Rg8 32. Kh2 Bf5 33. Qxe4 Bxe4 34. Rd2 Rxg2+ 35. Kh3 f5 36. f4 exf4 37. Bxf4 Rxd2 38. Bxd2 Bxc2 0-1